1739 1859 1796 1353 1465 1631 1388 1748 1120 1994 1524 1790 1035 1427 1053 1436 1639 1418 1049 1477 1289 1009 1273 1004 1344 1468 1105 1311 1790 1468 1499 1636 1197 1573 1827 1761 1158 1793 1529 1826 1795 1741 1553 1041 1791 1186 1413 1429 1877 1858 1052 1819 1389 1642 1408 1791 1762 1104 1584 1658 1656 1665 1666 1680 1096 1246 1156 1359 1676 1463 1469 1287 1785 1547 1537 1744 1048 1261 1503 1257 1479 1747 1567 1180 1107 1326 1898 1809 1004 1052 1560 1733 1204 1321 1935 1306 1081 1048 1159 BCNSPRNW ULIB Ver.6.0+V

เปลี่ยนเป็นภาษาไทย

Change to English
 แสดงรายละเอียดบรรณานุกรม
  กลับหน้าหลัก

Brief Record : Get Marc (ISO 2709) : E-mail record : QR code < ปิดหน้าต่าง
LEADER : 00000nam 2200000uu 4500
001    13399124348
003     ULIB
008    150512s2557||||th 000 0 tha d
020    ^a9786163614995
060 04 ^aWS350^bส271อ
100 0  ^aสมภพ เรืองตระกูล
245 10 ^aอาการทางจิตเวชและโรคทางกายในเด็กและวัยรุ่น/^cสมภพ เรืองตระกูล
250    ^aพิมพ์ครั้งที่ 1
260    ^aกรุงเทพฯ :^bเรือนแก้วการพิมพ์,^c2557
300    ^a329 หน้า ;^c21 ซม.
490 1  ^aตำราจิตเวชสำหรับแพทย์เวชศาสตร์ครอบครัว ;^vชุดที่ 25
650  4 ^aจิตเวชศาสตร์เด็ก
650  4 ^aจิตเวชศาสตร์วัยรุ่น
945    ^p450^l0^i039392
945    ^p450^l0^i039393
945    ^p450^l0^i039394
999    ^aเกษร โพธิ์สุวรรณ
รายการนี้ยังไม่มีแท็ก
คุณยังไม่ได้ล็อกอิน คุณสามารถมีกิจกรรมร่วมกับเว็บไซต์ได้ แต่ต้องล็อกอินก่อน ::
  ล็อกอิน

รายการสื่อสารสนเทศ

ลำดับที่ ประเภท เลขเรียก/บาร์โค้ด สถานที่ สถานะ
1. วิทยาศาสตร์การแพทย์ และสุขภาพ
วิทยาศาสตร์การแพทย์ และสุขภาพ
สถานะ=หนังสือเก่า
WS350 ส271อ ฉ.1 
  Barcode: 039392
ห้องสมุดวิทยาเขตสวรรค์ประชารักษ์
►ส่วนจัดเก็บหนังสือเก่า สปร
บนชั้น
  ขอยืม
2. วิทยาศาสตร์การแพทย์ และสุขภาพ
วิทยาศาสตร์การแพทย์ และสุขภาพ
สถานะ=หนังสือเก่า
WS350 ส271อ ฉ.2 
  Barcode: 039393
ห้องสมุดวิทยาเขตสวรรค์ประชารักษ์
►ส่วนจัดเก็บหนังสือเก่า สปร
บนชั้น
  ขอยืม
3. วิทยาศาสตร์การแพทย์ และสุขภาพ
วิทยาศาสตร์การแพทย์ และสุขภาพ
สถานะ=หนังสือเก่า
WS350 ส271อ ฉ.3 
  Barcode: 039394
ห้องสมุดวิทยาเขตสวรรค์ประชารักษ์
►ส่วนจัดเก็บหนังสือเก่า สปร
บนชั้น
  ขอยืม

รายการใกล้เคียง
    ผู้แต่ง [สมภพ เรืองตระกูล]

    หัวเรื่อง [จิตเวชศาสตร์เด็ก]
    หัวเรื่อง [จิตเวชศาสตร์วัยรุ่น]

BibComment


ยังไม่เคยถูกคอมเมนท์

คอมเมนท์ทรัพยากรรายการนี้
  คอมเมนท์: อาการทางจิตเวชแล..


 Copyright 2026. Bcnsprnw @Library